000 00803cam a2200277 4500
001 D16173
008 090401t1985 xxu||||| |||| 00| 0 eng d
035 _a(Sirsi) u27602
041 _aeng
050 _a333.0017
_c18
110 _aRoyal Institution of Chartered Surveyors
_94900
245 4 _aThe rules of conduct
_bdisciplinary powers and procedures
250 _aRev. ed.
260 _a[S.l.]
_bRICS
_c1985
300 _a34p.
_c21cm
350 _a0
490 _aRICS Rules of Conduct
520 _aNovember 1985 edition of the "Rules of conduct".
650 _aPROFESSIONAL CONDUCT
650 _aRICS BYE-LAWS
650 _aRICS REGULATIONS
650 _aRICS RULES OF CONDUCT
690 _aMANAGEMENT-BUSINESS MANAGEMENT-PROFESSIONAL PRACTICE
942 _n0
948 _c04/03/1997
999 _c89133
_d89133